Knobelaufgaben #1 - Statistiken

Allgemein
  • Dieses Quiz wurde 119 mal gespielt
  • Das Durchschnittsergebnis liegt bei 2 aus 5
Antwortstatistiken
Hint Antwort % Korrekt
Welche Personen sind auf einem Schiff gleichzeitig blind und können doch sehen? Blinde Passagiere
55%
Ich kann gebrochen werden, ohne dass mich jemand berührt oder dass ich überhaupt anwesend bin! Und doch kann mich jeder geben! Was bin ich? ein Versprechen
54%
Was wird bis zum maximalen Volumen gefüllt und bleibt doch leer? Luftballon
52%
Was ist so zerbrechlich, dass selbst das Aussprechen der gesuchten Sache, diese komplett zerstören würde? Stille
41%
Wer trinkt etwas, was er nicht selber besitzt und hätte er es, würde er es nie trinken? Vampir
28%
Keine übereinstimmenden Quizze gefunden
Verteilung der Resultate
Anzahl Personen mit jedem Resultat
Perzentil nach korrekt beantworteten Fragen
Ihre Resultats-Entwicklung
Sie haben dieses Quiz noch nicht gespielt